[Event "3ème Open de l'Ouest Toulosain "]
[Site "Colomiers 2008"]
[Date "2008.03.01"]
[Round "8.2"]
[White "Fomichenko, Eduard"]
[Black "Mateo, Ramon"]
[Result "0-1"]
[WhiteElo "2476"]
[BlackElo "2484"]
[PlyCount "64"]
[EventDate "2008.02.??"]
[EventType "swiss"]
[EventRounds "9"]
[EventCountry "FRA"]

1. Nf3 Nf6 2. c4 c5 3. Nc3 d6 4. d4 cxd4 5. Nxd4 e6 6. g3 a6 7. Bg2 Qc7 8. Bg5
Nbd7 9. Rc1 h6 10. Bxf6 Nxf6 11. O-O Be7 12. e3 O-O 13. b3 Bd7 14. Qd2 Rab8 15.
Rc2 Rfc8 16. f4 Bf8 17. Kh1 Qa5 18. a4 b6 19. Qd3 Qb4 20. e4 Be8 21. Re2 Nd7
22. Bh3 Nc5 23. Qe3 Nxb3 24. Rb1 Qxc4 25. Rxb3 e5 26. Nd5 exd4 27. Qf3 Qc1+ 28.
Kg2 Rc2 29. Rb4 b5 30. a5 Qd1 31. Bg4 d3 32. Rxc2 Qxf3+ 0-1

[Event "3ème Open de l'Ouest Toulosain "]
[Site "Colomiers 2008"]
[Date "2008.03.01"]
[Round "8.1"]
[White "Abbasov, Farid"]
[Black "Miladinovic, Igor"]
[Result "0-1"]
[WhiteElo "2519"]
[BlackElo "2604"]
[PlyCount "200"]
[EventDate "2008.02.??"]
[EventType "swiss"]
[EventRounds "9"]
[EventCountry "FRA"]

1. d4 d5 2. c4 Nc6 3. Nc3 Nf6 4. Nf3 Bf5 5. cxd5 Nxd5 6. Qb3 e6 7. e4 Nxc3 8.
exf5 Nd5 9. Qxb7 Bb4+ 10. Kd1 Nde7 11. Bb5 O-O 12. Bxc6 Rb8 13. Qa6 Rb6 14. Qc4
Nxc6 15. fxe6 fxe6 16. Be3 Na5 17. Qc2 Qd5 18. Ke2 Nc4 19. Rhc1 Nxb2 20. a4 Bd6
21. Kf1 Rb3 22. Rcb1 Rfb8 23. Nd2 R3b4 24. h3 a5 25. Kg1 R8b6 26. Rc1 Rb8 27.
Rcb1 Qf5 28. Qc6 R4b6 29. Qc3 Nxa4 30. Rxb6 Nxb6 31. Rxa5 Nd5 32. Qc6 Kf7 33.
Qd7+ Kg6 34. g4 Qf6 35. Bg5 Qf7 36. Qxf7+ Kxf7 37. Nf3 Rb3 38. Kg2 h6 39. Bd2
Ke7 40. Ra2 Bf4 41. Ba5 Bd6 42. Bd2 Bf4 43. Ba5 Kd7 44. Rc2 Ra3 45. Be1 Bg5 46.
Kg3 Bf6 47. Rc4 e5 48. dxe5 Bxe5+ 49. Kg2 Nf4+ 50. Kg3 Nxh3+ 51. Kxh3 Rxf3+ 52.
Kg2 Rd3 53. f4 Bd4 54. Bb4 c6 55. f5 Bf6 56. Bc5 Kc7 57. Kf2 Rb3 58. Ke2 Rh3
59. Kf2 h5 60. Kg2 Rh4 61. Kg3 hxg4 62. Rxg4 Rh5 63. Kf4 Rh8 64. Ke4 Kb7 65.
Kd3 Kc7 66. Kc4 Kd7 67. Bb4 Ke8 68. Bc3 Bxc3 69. Kxc3 Kf7 70. Kd4 Rd8+ 71. Kc4
Ra8 72. Rg5 Ra5 73. Kd4 Rd5+ 74. Kc4 Kg8 75. Kb4 Kf8 76. Kc4 Kf7 77. Kb4 Re5
78. Kc4 Rb5 79. Kd4 Rd5+ 80. Kc4 Rd6 81. Kc5 Rf6 82. Kd4 Rh6 83. Ke5 c5 84. Kd5
Kf6 85. Rg1 Rh5 86. Kxc5 Rg5 87. Rh1 Kxf5 88. Kd4 Rg3 89. Rf1+ Kg4 90. Ke5 Re3+
91. Kd4 Rf3 92. Rg1+ Rg3 93. Rh1 g5 94. Ke5 Rf3 95. Ke4 Ra3 96. Rg1+ Kh4 97.
Kf5 Rf3+ 98. Kg6 g4 99. Rh1+ Rh3 100. Rg1 Ra3 0-1

[Event "3ème Open de l'Ouest Toulosain "]
[Site "Colomiers 2008"]
[Date "2008.03.01"]
[Round "8.3"]
[White "Barsov, Alexei"]
[Black "Kasparov, Sergey"]
[Result "1/2-1/2"]
[WhiteElo "2521"]
[BlackElo "2458"]
[PlyCount "151"]
[EventDate "2008.02.??"]
[EventType "swiss"]
[EventRounds "9"]
[EventCountry "FRA"]

1. d4 Nf6 2. Nf3 c5 3. d5 d6 4. Nc3 g6 5. e4 Bg7 6. Be2 O-O 7. O-O e6 8. Bg5 h6
9. Bh4 g5 10. Bg3 exd5 11. exd5 Nh5 12. Nd2 Nxg3 13. fxg3 f5 14. Nc4 Na6 15. a4
Nc7 16. Kh1 b6 17. Bd3 Rb8 18. Qh5 Ba6 19. Ne3 Bxd3 20. cxd3 f4 21. gxf4 gxf4
22. Nf5 Qg5 23. Nxg7 Kxg7 24. Qf3 Rbe8 25. Rae1 Rxe1 26. Rxe1 Re8 27. Re4 Rf8
28. Re2 Re8 29. Ne4 Qg6 30. h4 Re5 31. Nc3 Qf5 32. Re4 Rxe4 33. dxe4 Qf6 34.
Qg4+ Kf8 35. Ne2 Qxb2 36. Nxf4 Qf6 37. Ng6+ Kg7 38. h5 Ne8 39. Qd7+ Qf7 40. Qd8
c4 41. Qc8 Kh7 42. Kg1 a6 43. Qxc4 Ng7 44. Qc8 Qe8 45. Nf8+ Kg8 46. Qxe8 Nxe8
47. Nd7 b5 48. axb5 axb5 49. Kf2 Kf7 50. Ke3 Ke7 51. Nb8 Nf6 52. Nc6+ Kd7 53.
Nd4 b4 54. Nf5 Nxh5 55. Nxh6 b3 56. Kd2 Ng3 57. Kc3 Nxe4+ 58. Kxb3 Ke7 59. Ng4
Kf7 60. Kc4 Kg6 61. Kd4 Ng3 62. Ne3 Kg5 63. Nc4 Ne2+ 64. Ke4 Nc3+ 65. Kd4 Ne2+
66. Kd3 Nf4+ 67. Ke4 Nxg2 68. Nxd6 Nf4 69. Nf7+ Kf6 70. Kxf4 Kxf7 71. Ke5 Ke7
72. d6+ Kd7 73. Kd5 Kd8 74. Ke6 Ke8 75. d7+ Kd8 76. Kd6 1/2-1/2

[Event "3ème Open de l'Ouest Toulosain "]
[Site "Colomiers 2008"]
[Date "2008.03.01"]
[Round "8.4"]
[White "Collas, Didier"]
[Black "Arutinian, David"]
[Result "1/2-1/2"]
[WhiteElo "2441"]
[BlackElo "2576"]
[PlyCount "54"]
[EventDate "2008.02.??"]
[EventType "swiss"]
[EventRounds "9"]
[EventCountry "FRA"]

1. Nf3 g6 2. e4 d6 3. d4 Nf6 4. Nc3 Bg7 5. Be2 O-O 6. O-O c6 7. a4 Nbd7 8. e5
Ne8 9. Bf4 Qc7 10. exd6 Nxd6 11. a5 Nf6 12. Ne5 Be6 13. Bf3 Bd5 14. Nxd5 Nxd5
15. Bxd5 cxd5 16. c3 e6 17. Nd3 Rfd8 18. Bxd6 Rxd6 19. Ra4 Bf8 20. Qb3 Rdd8 21.
Rfa1 Bd6 22. h3 Rac8 23. Qd1 Kg7 24. Qe2 Qe7 25. g3 Rc6 26. Kg2 Rc7 27. h4 h5
1/2-1/2

[Event "3ème Open de l'Ouest Toulosain "]
[Site "Colomiers 2008"]
[Date "2008.03.01"]
[Round "8.5"]
[White "Abergel, Thal"]
[Black "Sasu Ducsoara, Andreea"]
[Result "1-0"]
[WhiteElo "2517"]
[BlackElo "2223"]
[PlyCount "79"]
[EventDate "2008.02.??"]
[EventType "swiss"]
[EventRounds "9"]
[EventCountry "FRA"]

1. d4 Nf6 2. Nf3 e6 3. e3 d5 4. Bd3 c5 5. b3 Nc6 6. O-O Bd6 7. Bb2 b6 8. Nbd2
cxd4 9. exd4 Qc7 10. a3 Bb7 11. Qe2 O-O 12. Ne5 Ne4 13. Nxe4 Nxe5 14. dxe5 dxe4
15. exd6 exd3 16. Qg4 f5 17. dxc7 fxg4 18. cxd3 Rf5 19. Rae1 Rc5 20. Be5 Kf7
21. b4 Rc2 22. Rc1 Rxc1 23. Rxc1 g6 24. Kf1 Ke7 25. g3 Kd7 26. Rc4 Rf8 27. Rxg4
Rf5 28. Rd4+ Bd5 29. f4 b5 30. Kf2 h5 31. h3 Rf7 32. g4 hxg4 33. hxg4 Rh7 34.
f5 Rf7 35. Ke2 gxf5 36. g5 Rh7 37. g6 Rh5 38. g7 Rg5 39. Rh4 f4 40. c8=Q+ 1-0

[Event "3ème Open de l'Ouest Toulosain "]
[Site "Colomiers 2008"]
[Date "2008.03.01"]
[Round "8.7"]
[White "Libiszewski, Fabien"]
[Black "Peric, Slavisa"]
[Result "1-0"]
[WhiteElo "2468"]
[BlackElo "2258"]
[PlyCount "67"]
[EventDate "2008.02.??"]
[EventType "swiss"]
[EventRounds "9"]
[EventCountry "FRA"]

1. e4 e6 2. d4 d5 3. Nc3 dxe4 4. Nxe4 Bd7 5. Nf3 Bc6 6. Ng3 Nd7 7. Bd3 Ngf6 8.
O-O Be7 9. c4 O-O 10. b3 Re8 11. Bb2 Bxf3 12. Qxf3 c6 13. Rad1 Qa5 14. Bb1 Rad8
15. Qd3 Ne5 16. Qc2 Ng6 17. f4 Nf8 18. f5 Rd7 19. fxe6 fxe6 20. Rde1 Qd8 21.
Kh1 c5 22. d5 exd5 23. cxd5 b5 24. a4 a6 25. axb5 axb5 26. Qd3 b4 27. Nf5 Ng6
28. d6 Bxd6 29. Rxe8+ Nxe8 30. Nh6+ Kh8 31. Nf7+ Rxf7 32. Rxf7 Nf6 33. Bxf6
gxf6 34. Rxh7+ 1-0

[Event "3ème Open de l'Ouest Toulosain "]
[Site "Colomiers 2008"]
[Date "2008.03.01"]
[Round "8.8"]
[White "Marholev, Dimitar"]
[Black "Doncea, Vladimir"]
[Result "0-1"]
[WhiteElo "2401"]
[BlackElo "2444"]
[PlyCount "110"]
[EventDate "2008.02.??"]
[EventType "swiss"]
[EventRounds "9"]
[EventCountry "FRA"]

1. d4 Nf6 2. c4 c5 3. Nf3 cxd4 4. Nxd4 e5 5. Nb5 d5 6. cxd5 Bc5 7. e3 O-O 8.
N5c3 e4 9. a3 Qe7 10. Nd2 Rd8 11. b4 Bb6 12. Nc4 Bc7 13. Bb2 Nc6 14. Qc2 Ne5
15. O-O-O Bg4 16. d6 Bxd6 17. Rxd6 Rxd6 18. Nxd6 Qxd6 19. h3 Bf5 20. g4 Nd3+
21. Kb1 Bg6 22. Nb5 Qd7 23. Nd4 Rc8 24. Qd2 Nd5 25. Bxd3 exd3 26. f3 Qd6 27.
Nf5 Bxf5 28. gxf5 Nb6 29. Rd1 Rd8 30. Qc3 f6 31. Qb3+ Kh8 32. Bd4 Nd5 33. Qxd3
Qg3 34. Qf1 h5 35. Bb2 Qc7 36. Rc1 Qg3 37. Bd4 a6 38. e4 Nxb4 39. Bb6 Rd3 40.
axb4 Rxf3 41. Qc4 Rb3+ 42. Ka2 Ra3+ 43. Kb2 Rd3 44. Qe6 Kh7 45. Rc2 Qe1 46. Qc4
Rd1 47. Bc5 Rb1+ 48. Ka2 Ra1+ 49. Kb3 b5 50. Qc3 Qb1+ 51. Qb2 Qd1 52. Kc3 Qf3+
53. Kd4 Rd1+ 54. Rd2 Qe2 55. Kc3 Qc4# 0-1

[Event "3ème Open de l'Ouest Toulosain "]
[Site "Colomiers 2008"]
[Date "2008.03.01"]
[Round "8.9"]
[White "Zarrouati, Pierre"]
[Black "Prasad, Devaki V"]
[Result "1/2-1/2"]
[WhiteElo "2160"]
[BlackElo "2409"]
[PlyCount "55"]
[EventDate "2008.02.??"]
[EventType "swiss"]
[EventRounds "9"]
[EventCountry "FRA"]

1. d4 d5 2. Nf3 Nf6 3. c4 dxc4 4. Nc3 a6 5. a4 e6 6. e3 b6 7. Bxc4 Bb7 8. O-O
Nbd7 9. Qe2 c5 10. Rd1 Qc7 11. e4 cxd4 12. Nxd4 Bc5 13. Be3 Nxe4 14. Nxe4 Bxe4
15. Nxe6 fxe6 16. Bxc5 Nxc5 17. b4 O-O 18. bxc5 Bd5 19. Rxd5 exd5 20. Bxd5+ Kh8
21. Bxa8 Rxa8 22. Re1 Qxc5 23. Qxa6 Rf8 24. Qe2 h6 25. Qe3 Qb4 26. g3 Ra8 27.
Qe6 Qxa4 28. Qxb6 1/2-1/2

[Event "3ème Open de l'Ouest Toulosain "]
[Site "Colomiers 2008"]
[Date "2008.03.01"]
[Round "8.10"]
[White "Sanchez, Nicolas"]
[Black "Collas, Silvia"]
[Result "0-1"]
[WhiteElo "2216"]
[BlackElo "2405"]
[PlyCount "102"]
[EventDate "2008.02.??"]
[EventType "swiss"]
[EventRounds "9"]
[EventCountry "FRA"]

1. d4 Nf6 2. Nf3 e6 3. c4 a6 4. Nc3 c5 5. d5 b5 6. Bg5 h6 7. Bxf6 Qxf6 8. e4 b4
9. Na4 e5 10. Bd3 Ra7 11. O-O Rb7 12. Nd2 d6 13. Nb3 Qd8 14. Kh1 Be7 15. f4 Nd7
16. f5 Nf6 17. Nd2 h5 18. b3 g6 19. Qe2 Kd7 20. Bc2 h4 21. Rf3 Kc7 22. a3 a5
23. axb4 axb4 24. Nb2 Nh5 25. Nf1 Qg8 26. Ra8 Nf4 27. Qf2 Qg7 28. Nd3 gxf5 29.
Rxf4 exf4 30. e5 h3 31. g3 fxg3 32. Nxg3 f4 33. Qxf4 dxe5 34. Qe3 Qh6 35. Qf2
Bg4 36. d6+ Bxd6 37. Rxh8 Qxh8 38. Nxc5 Bf3+ 39. Qxf3 Bxc5 40. Qd5 Qf8 41. Bf5
Qd6 42. Qxf7+ Kb6 43. Qd5 Qxd5+ 44. cxd5 Ra7 45. Bxh3 Ra3 46. d6 Rxb3 47. d7
Rd3 48. Bf5 Rd1+ 49. Kg2 Kc7 50. Ne4 Be7 51. Kf3 Rf1+ 0-1